000 00407nam a2200121Ia 4500
008 220616s9999||||xx |||||||||||||| ||und||
245 0 _aBreast Reconstruction
_bCurrent Perspectives and State of the Art Techniques
546 _aEnglish[eng]
650 _aGeneral surgery
700 _aSpiegel, Aldona J.
856 _uhttps://mts.intechopen.com/storage/books/3434/authors_book/authors_book.pdf
942 _cEB
999 _c19751
_d19751